Statistiques concernant Coupes du Monde de Football: Japon

Cliquez ici pour prendre le quiz!

Statistiques générales

  • Ce quiz a été pris 57 fois
  • Le résultat moyen est 16 sur 21

Statistiques - réponses

Réponse% Correct
Espagne
95%
Belgique
91%
Pologne
89%
Sénégal
89%
Allemagne
87%
Brésil
85%
Croatie
85%
Argentine
82%
Colombie
78%
Russie
76%
Australie
69%
Costa Rica
67%
Côte d'Ivoire
67%
Danemark
67%
Grèce
67%
Pays-Bas
67%
Turquie
67%
Paraguay
65%
Cameroun
64%
Tunisie
62%
Jamaïque
31%

Distribution des résultats

Percentile par nombre de réponses

% des personnes avec chaque résultat

Votre développement - résultats

Vous n’avez pas pris ce quiz